Deadly Diseases - Statistics

General Stats
  • This quiz has been taken 100 times
    96 since last reset
  • The average score is 8 of 26
Answer Stats
Symptoms Answer Fatality Rate % Correct
Fever, headache, anxiety, confusion, hallucinations, paralysis, hydrophobia Rabies 99%
76%
Uncontrolled cell growth, weight loss, fatigue, pain, organ failure Cancer depends on type, stage, and treatment
69%
Weak immune system, weight loss, infections, cancers, organ failure HIV 100% (without treatment)
62%
Fever, weakness, vomiting, diarrhea, internal/external bleeding, organ failure Ebola 25–90%
60%
Fever, cough, shortness of breath, organ failure, cytokine storm Covid-19 1–15%
54%
Persistent cough, weight loss, night sweats, fever, lung damage Tuberculosis 15%
46%
Muscle stiffness, jaw lock, spasms, difficulty swallowing, respiratory failure Tetanus 10–70%
40%
Severe diarrhea, dehydration, vomiting, muscle cramps, shock Cholera 1–70%
38%
Fever, chills, sweating, headache, muscle pain, organ failure Malaria 0.3–20%
38%
Increased thirst, frequent urination, fatigue, blurred vision, slow healing wounds, nerve damage, organ failure Diabetes Varies, can lead to heart disease, kidney failure, etc.
37%
High fever, cough, difficulty breathing, pneumonia, multi-organ failure H5N1 52%
37%
Fever, cough, shortness of breath, severe pneumonia, respiratory failure H7N9 39%
35%
High fever, body aches, rash, pustules, organ failure Smallpox 30%
32%
Swollen lymph nodes, fever, chills, weakness, septic shock Bubonic Plague 30–60%
31%
High fever, severe pain, bleeding, shock, organ damage Dengue Hemorrhagic Fever 1–20%
29%
Fever, nausea, jaundice, bleeding, liver/kidney failure Yellow Fever 20–50%
25%
High fever, cough, body aches, pneumonia, cyanosis, respiratory failure Spanish Flu 2–10%
21%
Flu-like symptoms, severe breathing issues, shock, organ failure Anthrax 45–85%
13%
Fever, dry cough, breathing difficulty, pneumonia, respiratory failure SARS 9.6%
13%
Memory loss, personality changes, muscle stiffness, jerking, coma Creutzfeldt-Jakob Disease 100%
12%
High fever, severe headache, vomiting, diarrhea, bleeding, shock, organ failure Marburg Virus 24–88%
12%
Headache, fever, stiff neck, seizures, hallucinations, coma Naegleria fowleri 97%
10%
Fever, cough, breathing difficulty, kidney failure, pneumonia MERS 34%
6%
Fever, cough, chest pain, respiratory failure, shock Pulmonary Plague 100%
6%
Fever, sore throat, vomiting, bleeding, shock, organ failure Lassa Fever 1–15%
4%
Fever, headache, dizziness, seizures, respiratory distress, coma Nipah Virus 40–75%
3%
No matching quizzes found
Score Distribution
Percent of People with Each Score
Percentile by Number Answered
Your Score History
You have not taken this quiz since the last reset